000 00299nam a2200109 4500
999 _c14075
_d14075
008 190731b ||||| |||| 00| 0 eng d
245 _aDA: NFA to focus on buffer stocking.
260 _aDavao City:
_bSun Star Davao;
_cc2019.
300 _apage 5.
650 0 _939089
_aAgriculture.
942 _2ddc
_cPER